| 000 | 00368nam a2200145Ia 4500 | ||
|---|---|---|---|
| 008 | 230312s9999||||xx |||||||||||||| ||und|| | ||
| 020 | _a81-317-0928-3 | ||
| 082 |
_a808.0666 _bGER-T |
||
| 100 | _aGerson;Steven | ||
| 245 | 0 | _aTechnical Writing process and product | |
| 260 |
_bPearson _aindia _c2006 |
||
| 300 | _a680 | ||
| 650 |
_aEngineering _vAvionics |
||
| 942 | _cBK | ||
| 999 |
_c12433 _d12433 |
||